| 000 | 00370nam a2200145Ia 4500 | ||
|---|---|---|---|
| 003 | PILC | ||
| 008 | 220421s2008 xx 000 0 und d | ||
| 040 | _cEARIST LIBRARY | ||
| 100 |
_aFlores, Carmelita S. _9360 |
||
| 245 | 0 | _aEffective Speech Communication / | |
| 260 |
_aNational, _bMandaluyong : _c2008. |
||
| 300 | _a470 pages; | ||
| 999 |
_c1668 _d1668 |
||
| 942 |
_2ddc _cBK |
||